Singers By Most Streamed Solo Songs On Spotify - Statistics

General Stats
  • This quiz has been taken 400 times
  • The average score is 13 of 15
Answer Stats
Songs Singer % Correct
Always Remember Us This Way / Poker Face / Bad Romance Lady Gaga
98%
Shape of You / Perfect / Photograph Ed Sheeran
96%
All I Want for Christmas Is You / We Belong Together / Fantasy Mariah Carey
96%
Billie Jean / Beat It / Smooth Criminal Michael Jackson
96%
Someone Like You / Rolling In The Deep / Easy On Me Adele
95%
bad guy / when the party's over / everything i wanted Billie Eilish
93%
Halo / CUFF IT / Single Ladies (Put A Ring On It) Beyoncé
92%
Blinding Lights / The Hills / Die For You The Weeknd
92%
7 rings / thank u, next / One Last Time Ariana Grande
91%
Love Yourself / Sorry / What Do You Mean? Justin Bieber
89%
Needed Me / Love On The Brain / Diamonds Rihanna
88%
Don't Start Now / New Rules / IDGAF Dua Lipa
78%
Kill Bill / Good Days / Snooze SZA
73%
Can't Help Falling In Love / Jailhouse Rock / Suspicious Minds Elvis Presley
70%
Chris Brown
42%
No matching quizzes found
Score Distribution
Percent of People with Each Score
Percentile by Number Answered
Your Score History
You have not taken this quiz